000 00643cam a2200181 i 4500
005 20251113092827.0
008 250721s2001 jo gr 000 0 ara d
082 1 4 _a200.3
_bب ص ر
100 1 _aالبصري، مهدي حسين
_eمعد.
245 1 0 _aموسوعة الأديان :
_bالتوحيد، الخلق، القيم /
_cإعداد د. مهدي حسين البصري.
264 3 1 _aعمان :
_bدارأسامة للنشر والتوزيع،
_c2001.
300 _a232 صحة.
650 1 7 _aالديانات.
650 1 7 _aالإسلام.
650 1 7 _aالمسيحية.
942 _2ddc
_cBK
999 _c5336
_d5336